| 000 | 01351cam a22003374a 4500 | ||
|---|---|---|---|
| 999 |
_c20802 _d20802 |
||
| 001 | 12284935 | ||
| 003 | OSt | ||
| 005 | 20200930162821.0 | ||
| 008 | 010122s2001 nyu b 001 0 eng | ||
| 010 | _a 2001021862 | ||
| 020 | _a0312239017 (cloth) | ||
| 040 |
_aDLC _cDLC _dDLC |
||
| 042 | _apcc | ||
| 043 | _ae-yu--- | ||
| 050 | 0 | 0 |
_aKZ6368 _b.G59 2001 |
| 082 | 0 | 0 |
_a341.5/84 _221 |
| 100 | 1 |
_aGlennon, Michael J., _d1947- |
|
| 245 | 1 | 0 |
_aLimits of law, prerogatives of power : _binterventionism after Kosovo / _cMichael J. Glennon. |
| 250 | _a1st ed. | ||
| 260 |
_aNew York : _bPalgrave, _c2001. |
||
| 300 |
_ax, 250 p. ; _c22 cm. |
||
| 504 | _aIncludes bibliographical references (p. [211]-239) and index. | ||
| 650 | 0 | _aIntervention (International law) | |
| 650 | 0 | _aKosovo War, 1998-1999. | |
| 856 | 4 | 2 |
_3Contributor biographical information _uhttp://www.loc.gov/catdir/bios/hol058/2001021862.html |
| 856 | 4 | 2 |
_3Publisher description _uhttp://www.loc.gov/catdir/description/hol051/2001021862.html |
| 856 | 4 | 1 |
_3Table of contents _uhttp://www.loc.gov/catdir/toc/hol051/2001021862.html |
| 906 |
_a7 _bcbc _corignew _d1 _eocip _f20 _gy-gencatlg |
||
| 942 |
_2ddc _cBK |
||